• 首页
  • 本馆介绍
  • 公告通知
  • 最新文献
  • 馆藏检索
  • 电子资源
  • 读者导购
  • 参考咨询
  • 我的图书馆
  • 登录
  • 详细信息显示
  • 放入我的书架
  • 预约/预借图书
  • 作者相关作品
  • 分类相关作品
  • 丛书相关作品
  • 出版社相关作品

书目信息

  • 表格格式
  • 工作单格式
  • 卡片格式
题名:
汽车理论
    
 
作者: 余志生 主编
分册:  
出版信息: 北京   机械工业出版社  2019.01
页数: 16, 318页
开本: 26cm
丛书名:
单 册:
中图分类: U461
科图分类:
主题词: 汽车--qi che--理论--高等学校--教材
电子资源:
ISBN: 978-7-111-60239-2
000 01341nam0 2200289 450
001 0106081931
005 20201106082048.0
010    @a978-7-111-60239-2@dCNY58.00
100    @a20190226d2019 em y0chiy50 ea
101 0  @achi
102    @aCN@b110000
105    @aa z 000yy
106    @ar
200 1  @a汽车理论@Aqi che li lun@f余志生主编
210    @a北京@c机械工业出版社@d2019.01
215    @a16, 318页@c图@d26cm@e1光盘
300    @a面向21世纪课程教材普通高等教育“十五”国家级规划教材
307    @a附光盘:ISBN 978-7-88709-975-4
312    @a封面英文题名:Automobile theory
314    @a余志生(1925-),男,教授,江西人,1951年清华大学机械系毕业后留校任教,多年来一直从事汽车工程方面的教学和科研工作。
330    @a本书根据作用于汽车上的外力特性,分析了与汽车动力学有关的汽车各主要使用性能:动力性、燃油经济性、制动性、操纵稳定性、行驶平顺性及通过性。各章分别介绍了各使用性能的评价指标与评价方法,建立了有关的动力学方程,分析了汽车及其部件的结构形式与结构参数对各使用性能的影响,阐述了进行性能预测的基本计算方法。各章还对性能试验方法做了简要介绍。另外,还介绍了近年来新能源汽车技术方面的新发展。
510 1  @aUtomobile theory@zeng
606 0  @a汽车@Aqi che@x理论@x高等学校@j教材
690    @aU461@v5
701  0 @a余志生@Ayu zhi sheng@f(1925-)@4主编
801  0 @aCN@bBJSZM@c20201106
905    @b1213504-7@dU461@e943@f4
    
    汽车理论/余志生主编.-北京:机械工业出版社,2019.01
    16, 318页:图;26cm+1光盘
    面向21世纪课程教材普通高等教育“十五”国家级规划教材
    
    ISBN 978-7-111-60239-2:CNY58.00
    本书根据作用于汽车上的外力特性,分析了与汽车动力学有关的汽车各主要使用性能:动力性、燃油经济性、制动性、操纵稳定性、行驶平顺性及通过性。各章分别介绍了各使用性能的评价指标与评价方法,建立了有关的动力学方程,分析了汽车及其部件的结构形式与结构参数对各使用性能的影响,阐述了进行性能预测的基本计算方法。各章还对性能试验方法做了简要介绍。另外,还介绍了近年来新能源汽车技术方面的新发展。
●
相关链接 在E读中查询图书 在五车中查询图书 在当当中查询图书 在豆瓣中查询图书


正题名:汽车理论     索取号:U461/943         预约/预借

序号 登录号 条形码 馆藏地/架位号 状态 备注
1 1213504   212135045   第二样本阅览室/ [索取号:U461/943] 在馆    
2 1213505   212135054   第三借阅区/ [索取号:U461/943] 在馆    
3 1213506   212135063   第三借阅区/ [索取号:U461/943] 在馆    
4 1213507   212135072   第三借阅区/ [索取号:U461/943] 在馆    
唐山师范学院图书馆 欢迎您!
大连网信软件有限公司© 版权所有